00493 a2200169 450000100060000002000150000604000220002110000190004324000440006224500390010630000080014536200090015365000230016294200070018595201140019299900170030661650 a8521238855 cAnchieta - Pituba aWitcher, Moony10aNina e o mistério da oitava notalpor10aNina e o mistério da oitava nota a3030 a2005 4aLiteratura juvenil cBK 00104070a91.1b91.1d2023-11-21l0oLJ 028.5 W819n WIT NINp13772/PITr2023-11-21 18:29:50w2023-11-21yBK c61650d61650